000 00855cam a22002174a 4500
005 20250605164141.0
008 250528s ||||||||||||||||||||||||d
035 _a18963
020 _a9600304068
040 _aGR-AtMCL
_bgre
_dGR-AtMCL
_eAACR2
245 1 _aΤη Νύχτα που 'Φύγε ο Μπούκοβι / Διηγήματα Δεύτερη Έκδοση
250 _a
260 _bΚαστανιώτη,
_c1990
300 _a80
505 0 _aΘρύ-λος, Κατά Λέξη, Να Φύγει το Κακό, Τι θα Γίνω;, Αγόρι Μου, Απλά Μαθήματα.
520 _aΘρύ-λος, Κατά Λέξη, Να Φύγει το Κακό, Τι θα Γίνω;, Αγόρι Μου, Απλά Μαθήματα.
700 1 _aΧαριτόπουλος Διονύσης
_95245
942 _cBK
999 _c4259
_d4259